An essay on economic inequality: Genesis of envy and happiness (Record no. 518687)
[ view plain ]
| 000 -LEADER | |
|---|---|
| fixed length control field | 00649nam a22001457a 4500 |
| 008 - FIXED-LENGTH DATA ELEMENTS--GENERAL INFORMATION | |
| fixed length control field | 211008b ||||| |||| 00| 0 eng d |
| 100 ## - MAIN ENTRY--PERSONAL NAME | |
| Personal name | Dhar, Daipayan |
| 245 ## - TITLE STATEMENT | |
| Title | An essay on economic inequality: Genesis of envy and happiness |
| 260 ## - PUBLICATION, DISTRIBUTION, ETC. (IMPRINT) | |
| Place of publication, distribution, etc | Artha Vijnana |
| 300 ## - PHYSICAL DESCRIPTION | |
| Extent | 63(2), Mar, 2021: p.194-208 |
| 520 ## - SUMMARY, ETC. | |
| Summary, etc | With the recent advancement in economics the idea of rationality has been redesigned to analyses the human behavior when it comes to decisions making. At present it is also trying to understand various aspects such as envy and happiness. – Reproduced |
| 773 ## - HOST ITEM ENTRY | |
| Main entry heading | Artha Vijnana |
| 906 ## - LOCAL DATA ELEMENT F, LDF (RLIN) | |
| Subject DIP | HAPPINESS |
| 942 ## - ADDED ENTRY ELEMENTS (KOHA) | |
| Item type | Articles |
No items available.
